[Event "Barcelona Sants op 16th"]
[Site "Barcelona"]
[Date "2014.08.25"]
[Round "4"]
[White "Barbu Ion, Cosmin"]
[Black "Garriga Cazorla, Pere"]
[Result "0-1"]
[WhiteElo "1844"]
[BlackElo "2196"]
[PlyCount "90"]
[EventDate "2014.08.22"]
[EventType "swiss"]
[EventRounds "10"]
[EventCountry "ESP"]
[SourceTitle "CBM 162 Extra"]
[Source "ChessBase"]
[SourceDate "2014.10.17"]
[SourceVersion "1"]
[SourceVersionDate "2014.10.17"]
[SourceQuality "1"]

1. e4 c5 2. Nc3 a6 3. g3 b5 4. Bg2 Bb7 5. a3 e6 6. d3 Nf6 7. f4 d5 8. e5 Nfd7 9. Nf3 Nc6 10. 0-0 Be7 11. h3 h5 12. Ne2 Nb6 13. Bd2 d4 14. b4 c4 15. Nfxd4 Nd5 16. Nxc6 Bxc6 17. Kh2 cxd3 18. cxd3 g6 19. Rc1 Bb7 20. Nc3 Nxc3 21. Rxc3 Bxg2 22. Kxg2 0-0 23. Qf3 a5 24. Rc2 axb4 25. Bxb4 Bxb4 26. axb4 Ra3 27. Rd1 Qd4 28. Qe4 Rd8 29. Qxd4 Rxd4 30. Rc8+ Kg7 31. Rb8 Rxb4 32. Kf3 h4 33. gxh4 Raa4 34. d4 Ra3+ 35. Kg2 Rb2+ 36. Kg1 Rg3+ 37. Kh1 Rxh3+ 38. Kg1 Rg3+ 39. Kf1 Rf3+ 40. Kg1 Rxf4 41. d5 Rg4+ 42. Kf1 Rxh4 43. Kg1 exd5 44. Rxd5 Re4 45. Rdxb5 Re1# 0-1

[Event "Barcelona Sants op 16th"]
[Site "Barcelona"]
[Date "2014.08.24"]
[Round "3"]
[White "Bogner, Sebastian"]
[Black "Barbu Ion, Cosmin"]
[Result "1-0"]
[WhiteElo "2603"]
[BlackElo "1844"]
[PlyCount "49"]
[EventDate "2014.08.22"]
[EventType "swiss"]
[EventRounds "10"]
[EventCountry "ESP"]
[SourceTitle "CBM 162 Extra"]
[Source "ChessBase"]
[SourceDate "2014.10.17"]
[SourceVersion "1"]
[SourceVersionDate "2014.10.17"]
[SourceQuality "1"]

1. Nf3 e6 2. c4 f5 3. d4 Nf6 4. g3 b6 5. Bg2 Bb7 6. 0-0 Be7 7. Nc3 0-0 8. d5 Na6 9. Nd4 Nc5 10. Qc2 Qc8 11. Bd2 a5 12. Rad1 a4 13. Bf4 Nh5 14. Bc1 Nf6 15. Rfe1 Kh8 16. Bf3 Ra5 17. Bf4 Bd8 18. dxe6 Nxe6 19. Nxe6 dxe6 20. Nxa4 Bxf3 21. exf3 Qa8 22. Nc3 Qxf3 23. Rxe6 Nh5 24. Be5 f4 25. Rh6 1-0

[Event "Angers op 7th"]
[Site "Angers"]
[Date "2012.04.21"]
[Round "4"]
[White "Batteux, Mickael"]
[Black "Barbu Ion, Cosmin"]
[Result "1-0"]
[WhiteElo "2001"]
[BlackElo "1817"]
[PlyCount "93"]
[EventDate "2012.04.20"]
[EventType "swiss"]
[EventRounds "6"]
[EventCountry "FRA"]
[SourceTitle "CBM 148 Extra"]
[Source "ChessBase"]
[SourceDate "2012.06.22"]
[SourceVersion "1"]
[SourceVersionDate "2012.06.22"]
[SourceQuality "1"]

1. d4 d5 2. Nf3 Nf6 3. e3 e6 4. Bd3 c5 5. b3 Nc6 6. 0-0 cxd4 7. exd4 Be7 8. Bb2 a6 9. a3 b5 10. Nbd2 Bb7 11. Rc1 Rc8 12. Re1 0-0 13. Ne5 b4 14. Nxc6 Rxc6 15. axb4 Bxb4 16. c3 Be7 17. b4 Qb6 18. Nb3 Nd7 19. Na5 Rc7 20. Ra1 Ba8 21. Qe2 Nb8 22. Qh5 g6 23. Qh6 Rfc8 24. Qd2 Bc6 25. Nxc6 Rxc6 26. f4 Bf6 27. Kh1 Qb7 28. Qe2 Bg7 29. g3 Rb6 30. h4 Rc7 31. h5 Qc8 32. hxg6 hxg6 33. Kg2 Rxc3 34. Bxc3 Qxc3 35. Rac1 Qxd4 36. Rc8+ Bf8 37. f5 Rxb4 38. fxg6 Rb2 39. gxf7+ Kg7 40. Bc2 Bc5 41. f8Q+ Bxf8 42. Qxe6 Qd2+ 43. Re2 Qg5 44. Rxf8 Kxf8 45. Rf2+ Kg7 46. Rf7+ Kh8 47. Rh7# 1-0

[Event "Angers op 7th"]
[Site "Angers"]
[Date "2012.04.20"]
[Round "2"]
[White "Barbu Ion, Cosmin"]
[Black "Demuth, Adrien"]
[Result "0-1"]
[WhiteElo "1817"]
[BlackElo "2417"]
[PlyCount "70"]
[EventDate "2012.04.20"]
[EventType "swiss"]
[EventRounds "6"]
[EventCountry "FRA"]
[SourceTitle "CBM 148 Extra"]
[Source "ChessBase"]
[SourceDate "2012.06.22"]
[SourceVersion "1"]
[SourceVersionDate "2012.06.22"]
[SourceQuality "1"]

1. Nf3 Nf6 2. g3 g6 3. Bg2 Bg7 4. 0-0 0-0 5. c4 d6 6. Nc3 Nc6 7. d4 a6 8. d5 Na5 9. Nd2 c5 10. e4 Rb8 11. a4 e5 12. Qe2 Re8 13. Ra3 Bd7 14. Nb3 Nxc4 15. Qxc4 b5 16. Qe2 b4 17. Ra2 bxc3 18. Qxa6 cxb2 19. Rxb2 Rb4 20. Qe2 Bxa4 21. Re1 Rxb3 22. Qa6 Bb5 23. Qxb5 Rxb5 24. Rxb5 Qc7 25. Bd2 Rb8 26. Reb1 Rxb5 27. Rxb5 h5 28. f3 Kh7 29. Bh3 Bh6 30. Ba5 Qa7 31. Bf1 Kg7 32. Kg2 Ne8 33. Bb6 Qa2+ 34. Kh3 Qf2 35. Bg2 g5 0-1